000
00304 a2200121 4500
090
_c
4416
_d
4416
110
_a
Government of Pakistan
245
_a
Economic Survey 1999-2000
260
_a
Islamabad
_b
Finance Division
_c
2000
300
_a
165p.
500
_a
Papercover
942
_a
NBS
_c
BK
_k
330.955491 GOV
999
_c
346860
_d
346860